Qualities of an Effective teacher/ (Record no. 213905)

MARC details
000 -LEADER
fixed length control field 00582nam a22001937a 4500
005 - DATE AND TIME OF LATEST TRANSACTION
control field 20251209164359.0
010 ## - LCCN (DPL NO)
LC control number ENG-147258
020 ## - INTERNATIONAL STANDARD BOOK NUMBER
Terms of availability 500.00
International Standard Book Number 9788194997351
035 ## - SYSTEM CONTROL NUMBER
System control number EN-130790
037 ## - SOURCE OF ACQUISITION
Source of stock number/acquisition DBAD
082 ## - DEWEY DECIMAL CLASSIFICATION NUMBER
Classification number 370.71
Edition number 1
100 ## - MAIN ENTRY--PERSONAL NAME
Personal name Patil, Sunil Dada
245 ## - TITLE STATEMENT
Title Qualities of an Effective teacher/
Statement of responsibility, etc Sunil Dada Patil
250 ## - EDITION STATEMENT
Edition statement 1
260 ## - PUBLICATION, DISTRIBUTION, ETC. (IMPRINT)
Place of publication, distribution, etc Jaysingpur
Name of publisher, distributor, etc KavitaSagar publication
Date of publication, distribution, etc 2023
270 ## - ADDRESS
City Jaysingpur
Postal code 416101
Telephone number 08484986064
Electronic mail address kavitasagarpublication@gmail.com
300 ## - PHYSICAL DESCRIPTION
Extent 192p.
Dimensions 21cm(pb)
942 ## - ADDED ENTRY ELEMENTS (KOHA)
Source of classification or shelving scheme Dewey Decimal Classification
Item type English Books
Classification part 370.71
Call number suffix PAT
Holdings
Withdrawn status Lost status Not for loan Collection code Home library Current library Date acquired Source of acquisition Cost, normal purchase price Full call number Barcode Copy number Cost, replacement price Koha item type
    Not For Loan Non-fiction D.B.Act.Division D.B.Act.Division 09/12/2025 Delivery of Books Act Division 500.00 370.71 PAT EN-130790 1 500.00 English Books

© Delhi Public Library
Hit Counter
free hit counter